000 00566pam a2200217 a 4500
001 3769732
005 20180214065625.0
008 831114s1984 njuac b 001 0 eng
010 _a 83024560
020 _a0137326521 :
_c$26.95
040 _aDLC
_cDLC
_dDLC
041 _aeng
080 _a150.287 GRA
082 0 0 _a150.287 GRA
_219
100 1 _a49
101 _aPSI
245 1 0 _aPsychological testing /
_cJohn R. Graham, Roy S. Lilly.
504 _aBibliography: p. 382-417.
906 _a7
_bcbc
_corignew
_d1
_eocip
_f19
_gy-gencatlg
942 _2ddc
_cBK
999 _c42492
_d42492